000 00976nam a2200217 a 4500
001 38350
003 BD-RjUL
005 20211209052759.0
008 151109s1952 ii ||||| |||| 00| 0 ben d
035 _a(BD-RjUL)38455
040 _aBD-RjUL
_bben
_cBD-RjUL
041 _aben
082 _222
_a891.4414
_bMAK 1952
100 _aমজুমদার, মোহিতলাল
_9118516
245 _aকবি রবীন্দ্র ও রবীন্দ্র কাব্য /
_cমোহিতলাল মজুমদার
_nপ্রথম খণ্ড
260 _aকলিকাতা :
_bকমলা বুক ডিপো,
_c১৯৫২
300 _a১৮২ পৃ. ;
_c২৫ সেমি.
600 _aঠাকুর, রবীন্দ্রনাথ,
_d১৮৬১-১৯৪১
_xসমালোচনা ও ব্যাখ্যা
_9118521
600 _cTagore, Rabindranath,
_d1861-1941
_xCriticism and interpretation.
_9118522
942 _2ddc
_cBK
_01
999 _c38350
_d38350